| 000 | 00773nas a2200253Ia 4500 | ||
|---|---|---|---|
| 001 | L900-R4527 | ||
| 003 | IT-CnALBA | ||
| 008 | 170116c99999999xx |||||||||||| ||und|| | ||
| 040 |
_aIT-CnALBA _cIT-CnALBA |
||
| 041 | _aITALIANO | ||
| 100 | _aLODOLINI LILIA | ||
| 210 | _aSTUDI CATTOLICI | ||
| 222 | _aSTUDI CATTOLICI | ||
| 245 | 0 | _aSTUDI CATTOLICI. MARZO 1996. | |
| 250 | _a1a ed. | ||
| 260 |
_aCINISELLO BALSAMO (MI) _bEDIZIONI PAOLINE _c1996 [1° Ed.:1996 - Ed.Ling.Originale: 1996] |
||
| 300 | _a130 p. | ||
| 310 | _aMENSILE | ||
| 362 | _aFascicolo: 3 / Anno: 18 (1996) | ||
| 501 | _aSocietà San Paolo EM - Piazza San Paolo, 14 - 12051 ALBA (CN) (non commercial uses only) ® Copyright 2017 | ||
| 650 | _aTEOLOGIA SOCIALE | ||
| 942 | _cCR | ||
| 957 | _71 | ||
| 999 |
_a45363 _bNO _g1 _c323120 _d323120 |
||